| 000 | 00648nam a2200229 i 4500 | ||
|---|---|---|---|
| 001 | bg | ||
| 245 | 0 | 0 |
_aKariera w instytucjach Unii Europejskich / _cred. nauk. Maciej Perkowski. |
| 260 |
_aBiałystok : _bWyższa Szkoła Administracji Publicznej, _c2005. |
||
| 300 |
_a157, [23] s. ; _c24 cm. |
||
| 650 | 9 |
_aInstytucje europejskie _xpraca |
|
| 650 | 9 | _aKariera | |
| 700 | 1 | _aPerkowski, Maciej | |
| 020 | _a8391568369 | ||
| 040 | _cBPK | ||
| 041 | 0 | _apol | |
| 044 | _aPOL | ||
| 080 | _a331.108.4(4-67) | ||
| 920 | _a83-915683-6-9 | ||
| 942 | _cKS | ||
| 008 | s pl f |000 0 pol | ||
| 999 |
_c54460 _d54460 |
||
| 856 |
_uhttp://koha.tu.koszalin.pl/cgi-bin/koha/opac-detail.pl?biblionumber=54460 _yKatalog online BPK |
||